zpět

Detail výsledku týmu

Expedice, Šternberk

Datum a čas kvízu

24 Celkem bodů Celkový počet nahraných bodů na tomto kvízu bez doplňovacích otázek.
7. Pořadí na kvízu Konečné umístění týmu na tomto kvízu.

Zaznamenané odpovědi

# Otázka Odpověď Body Výsledky
1. Premiér Fiala se při své návšt... Horáková 1
2. Záplavy minulý týden velmi ztí... Dubaj 1
3. Ve čtvrtek proběhlo předávání... Hella, Alena Machoninová 0
4. Společnost Skytrax každoročně... Katar 0
5. Ligová fotbalová asociace zveř... Chance 1
6. Bolívie má, stejně jako několi... Sucre; La Paz 0.5
7. Chemický prvek hafnium dostal... o Kodaň 0
8. Zatímco některé země mají hlav... o Nauru 0
9. Které malebné a nepříliš lidna... Lublaň 0
10. Napište, které hlavní město (s... Reykjavík; Wellington 0